000 00834cab a2200265 4500
001 ABS59908
008 090401t1999 xxu||||| |||| 00| 0 eng d
035 _a(Sirsi) u90999
041 _aeng
100 _aSpring, M.
245 _aFresher
260 _c1999
350 _a0
490 _aBuilding
_v263(8072) 29 January 1999, 36-41(6)
520 _aA building review of the new health faculty building at Glasgow Caledonian University. Includes a cost commentary, elemental cost analysis and product specification.
650 _aBUILT ENVIRONMENT-BUILDING COSTS
650 _aCOST ANALYSIS
650 _aEDUCATIONAL BUILDINGS
650 _aGLASGOW CALEDONIAN UNIVERSITY
650 _aGLASGOW
650 _aUNIVERSITY BUILDINGS
690 _aBUILDING AND CONSTRUCTION-PROJECTS
942 _n0
948 _c01/02/1999
999 _c57739
_d57739